| 000 | 00680nam a2200241 c 4500 | ||
|---|---|---|---|
| 001 | a5195570 | ||
| 003 | CO-ViMGA | ||
| 005 | 20230915234238.0 | ||
| 008 | 120423s2012 sp | |||| 000 e spa | ||
| 020 | _a9788432209598 | ||
| 040 |
_aCO-ViMGA _bspa _cCO-ViMGA |
||
| 082 | 0 | 4 |
_aA864.6 _bS11r |
| 100 | 1 |
_aSabato, Ernesto _d1911-2011 _96481 |
|
| 245 | 1 | 3 |
_aLa resistencia _cErnesto Sabato |
| 250 | _a1® ed. en Austral | ||
| 260 |
_aBarcelona : _bAustral, _c2012. |
||
| 300 |
_a125 p. _c19 cm |
||
| 490 | 0 | _aContemporanea. Humanidades | |
| 650 | 1 | 4 |
_aClonacion _vEnsayos _96483 |
| 650 | 1 | 4 |
_aEnsayos argentinos _96482 |
| 650 | 1 | 4 |
_aGlobalizacion _vEnsayos _96484 |
| 942 |
_2ddc _cBK |
||
| 999 |
_c37534 _d37534 |
||